Bilecik Bilecik Bilecik Bilecik Bilecik

Milli kültür hazinelerimizden Feyzi Halıcı : (Record no. 31229)

MARC details
000 -BAŞLIK
Sabit Uzunluktaki Kontrol Alanı 01041nam a22003017a 4500
001 - KONTROL NUMARASI
Control Dosyası 0031317
003 - KONTROL NUMARASI KİMLİĞİ
Kontrol Alanı KOHA_MİRAKIL
005 - EN SON İŞLEM TARİHİ ve ZAMANI
Kontrol Alanı 20260207002757.0
007 - FİZİKSEL TANIM SABİT ALAN - GENEL BİLGİ
Sabit uzunluklu kontrol alanı ta
008 - SABİT UZUNLUKTAKİ VERİ ÖGELERİ - GENEL BİLGİ
Sabit Alan 110816b tu a|||gr||||#||||1|tur |
020 ## - ISBN - ULUSLARARASI STANDART KİTAP NUMARASI
Isbn 9789944506427
Kullanılabilirlik koşulları TL,01
040 ## - KATALOGLAMA KAYNAĞI
Özgün Kataloglama Kurumu TR-BiSEU
Kataloglama Dili tur
Çeviri Kurumu TR-BiSEU
Açıklama Kuralları rda
041 0# - DİL KODU
Metin ya da ses kaydının dil kodu tur
044 ## - YAYINLAYAN/ÜRETEN KURULUŞUN ÜLKE KODU
ISO country code tu
050 ## - SINIFLAMA ve YER NUMARASI
Sınıflama Numarası PL213.H35
Yer Numarası Y46 [t.y.]
100 1# - KİŞİ ADI
Yazar Adı (Kişi adı) Yemiş, Mustafa.
245 1# - ESER ADI BİLDİRİMİ
Başlık Milli kültür hazinelerimizden Feyzi Halıcı :
Alt Eseradı vb. hayatı, edebi şahsiyeti, faaliyetleri ve halk edebiyatına katkıları üzerine bir araştırma/
Sorumluluk Bildirimi Mustafa Yemiş ; Mustafa Yemiş.
264 #1 - ÜRERİM, YAYIN, DAĞITIM ve TELİF BİLDİRİMİ
Yayın yeri [y.y] :
Yayınlayan [ y.y.]
Yayın tarihi [t.y.]
300 ## - FİZİKSEL TANIMLAMA
Sayfa, Cilt vb. X, 294 sayfa :
Diğer fiziki detaylar res. ;
Boyutları 25 cm.
336 ## - İÇERİK TÜRÜ
Content type term metin
Content type code txt
Source rdacontent
337 ## - MEDYA TÜRÜ
Media type term aracısız
Media type code n
Source rdamedia
338 ## - TAŞIYICI TÜRÜ
Carrier type term cilt
Carrier type code nc
Source rdacarrier
650 #0 - KONU BAŞLIĞI EK GİRİŞ - KONU TERİMİ
Konusal terim veya coğrafi ad Halıcı, Feyzi, 1924--Biyografi.
9 (RLIN) 61736
650 #0 - KONU BAŞLIĞI EK GİRİŞ - KONU TERİMİ
Konusal terim veya coğrafi ad Yazarlar, Türk--Biyografi.
9 (RLIN) 10006
650 #0 - KONU BAŞLIĞI EK GİRİŞ - KONU TERİMİ
Konusal terim veya coğrafi ad Türk Edebiyatı--Tarih ve Eleştiri.
9 (RLIN) 61737
650 #0 - KONU BAŞLIĞI EK GİRİŞ - KONU TERİMİ
Konusal terim veya coğrafi ad Halk Edebiyatı, Türk.
9 (RLIN) 61738
942 ## - EK GİRİŞ ÖGELERİ (KOHA)
Source of classification or shelving scheme Library of Congress Classification
Koha item type Book
Holdings
Materyal Türü Kalıcı Konum Mevcut Konum Raf Yeri Sınıflandırma Kaynağı Edinim Bilgisi Ana Konular Alt Konular Yer Numarası Demirbaş Numarası Fatura Tarihi Maliyet, Alış Fiyatı Maliyet, Yenileme Fiyatı Geri Çekilme Durumu Kayıp Durumu Hasarlı Durumu Kredi için değil Kayıt Tarih Toplam Ödünçverme Son Görülme Tarihi Son Kontrol Tarihi Genel / Bağış Notu
Book Prof. Dr. Azmi Özcan Kütüphanesi Prof. Dr. Azmi Özcan Kütüphanesi Birûni Salonu Library of Congress Classification Bağış DİL VE EDEBİYAT Doğu Asya, Afrika, Okyanusya Dilleri ve Edebiyatları PL213.H35 Y46 [t.y.] 0031317 02/02/2026 3.00 3.00         16/08/2011   05/12/2024 05/12/2024 Azmi Özcan, Akademisyen